Práctica del guión cinematográfico

Furkejuvvon:
Bibliográfalaš dieđut
Váldodahkkit: Carrière, Jean-Claude (Dahkki), Bonitzer, Pascal (Dahkki)
Materiálatiipa: Girji
Giella:espánnjágiella
Almmustuhtton: Barcelona Paidos 1991
Ráidu:Paidos Comunicación, 47
Fáttát:
Fáddágilkorat: Lasit fáddágilkoriid
Eai fáddágilkorat, Lasit vuosttaš fáddágilkora!

MARC

LEADER 00000nam a2200000 a 4500
001 UCX9445
003 CL-VaPUC
008 940607e19910000SP |||||||||||||||||spa|d
082 0 4 |a 791.437  |b CAR  |2 21 
100 |a Carrière, Jean-Claude  |e author  |9 326829 
700 0 |a Bonitzer, Pascal  |e author  |9 326830 
245 1 0 |a Práctica del guión cinematográfico 
300 |a 161 p 
942 |c BK 
945 |d 19940607 00:00:00  |a oaravena 
260 |a Barcelona  |b Paidos  |c 1991 
650 0 |a Guiones cinematográficos   |9 266811 
650 0 |a Cine  |9 225706 
650 7 |a PELICULAS CINEMATOGRAFICAS  |2 CL-VaPUC  |9 326831 
583 |a last modification  |c 19940607 00:00:00  |k Rodrigo Vera 
490 0 |a Paidos Comunicación, 47 
999 |c 228679  |d 228677 
952 |0 0  |1 1  |2 ddc  |4 0  |6 791_437000000000000_CAR_1991  |7 0  |8 R  |9 229033  |a BIBART  |b BIBART  |d 2019-11-15  |i 2970686  |l 5  |o 791.437 CAR 1991  |p 2970686  |r 2021-07-29  |s 2021-07-29  |w 2019-11-15  |y BK_R  |k ART 
952 |0 0  |1 0  |4 0  |6 791_437000000000000_CAR_1991  |7 0  |8 R  |9 229034  |a BIBART  |b BIBART  |d 2019-11-15  |i 3009580  |o 791.437 CAR 1991  |p 3009580  |r 2025-03-13  |w 2019-11-15  |y BK_R  |k ART